000 00646cam a22002053a 4500
001 38582
003 PGUSA
005 20140828083842.0
008 120115s2012||||xxu|||||s|||||000 | eng d
040 _aPGUSA
_beng
042 _adc
100 1 _aBeardslee, Clark S.
245 1 0 _aAbraham Lincoln's Cardinal Traits; :
_bA Study in Ethics, with an Epilogue Addressed to Theologians
_h[electronic resource] /
_cClark S. Beardslee
260 _bProject Gutenberg,
_c2012
506 _aPublic domain in the USA.
516 _aElectronic text
830 0 _aProject Gutenberg
_v38582
856 4 0 _uhttp://www.gutenberg.org/ebooks/38582
942 _cEB
999 _c267836
_d267836